[Event "Ljubljana-chT 63rd 2nd League"]
[Site "Ljubljana"]
[Date "2010.02.25"]
[Round "6.3"]
[White "Abe, Aljaz"]
[Black "Hozdic, Idriz"]
[Result "1/2-1/2"]
[WhiteElo "1553"]
[BlackElo "1571"]
[PlyCount "217"]
[EventDate "2010.01.07"]
[EventType "team-tourn"]
[EventRounds "9"]
[EventCountry "SLO"]
[SourceTitle "EXT 2022"]
[Source "ChessBase"]
[SourceDate "2021.10.06"]
[SourceVersion "1"]
[SourceVersionDate "2021.10.06"]
[SourceQuality "1"]
[WhiteTeam "Loka pri Mengsu"]
[BlackTeam "Trzin Trzinka"]
[WhiteTeamCountry "SLO"]
[BlackTeamCountry "SLO"]

1. e4 c5 2. Nf3 Nc6 3. d4 cxd4 4. Nxd4 e5 5. Nb3 Nf6 6. Nc3 d6 7. Bc4 Be7 8. Be3 Be6 9. Bxe6 fxe6 10. 0-0 0-0 11. Qe2 d5 12. Bc5 d4 13. Na4 b6 14. Bxe7 Qxe7 15. c3 Rad8 16. Rad1 dxc3 17. Nxc3 Nd4 18. Qc4 Nxb3 19. Qxb3 Ng4 20. h3 Nf6 21. Rxd8 Rxd8 22. Rd1 Rxd1+ 23. Qxd1 Qd7 24. Qb3 Kf7 25. Qc4 h6 26. Qe2 Qc7 27. Qf3 Qc4 28. g4 b5 29. b3 Qb4 30. h4 Kg8 31. g5 hxg5 32. hxg5 Nh7 33. g6 Nf6 34. Qd3 a6 35. Qd8+ Qf8 36. Qb6 Qc8 37. Qe3 Qc6 38. Qh3 Qe8 39. Qg3 Nh5 40. Qxe5 Qxg6+ 41. Kf1 Qh6 42. Ne2 Nf6 43. Qxe6+ Kh7 44. e5 Qh1+ 45. Ng1 Ne4 46. Qf5+ Kg8 47. e6 Nd2+ 48. Ke2 Qe4+ 49. Qxe4 Nxe4 50. f4 Nc3+ 51. Kd3 Nxa2 52. Kd4 Kf8 53. Ne2 Ke7 54. Ke5 Nb4 55. Nd4 g6 56. Ke4 Kd6 57. f5 gxf5+ 58. Kxf5 Ke7 59. Ke5 Nd3+ 60. Kd5 Nf4+ 61. Kc5 Nxe6+ 62. Nxe6 Kxe6 63. Kb6 Kd5 64. Kxa6 Kc6 65. b4 Kc7 66. Kxb5 Kb7 67. Kc5 Kc7 68. b5 Kb7 69. b6 Kb8 70. Kd6 Kb7 71. Kc5 Kb8 72. Kb5 Kb7 73. Ka5 Kb8 74. Kb4 Kb7 75. Kb5 Kb8 76. Ka6 Ka8 77. Ka5 Kb7 78. Kb5 Kb8 79. Kc4 Kb7 80. Kc5 Kb8 81. Kd4 Kb7 82. Kc5 Kb8 83. Kb4 Kb7 84. Ka5 Kb8 85. Ka4 Kb7 86. Kb5 Kb8 87. Kc4 Kb7 88. Kc5 Kb8 89. Kc6 Kc8 90. Kd6 Kb7 91. Kc5 Kb8 92. Kd4 Kb7 93. Kc5 Kb8 94. Kb4 Kb7 95. Ka5 Kb8 96. Kb5 Kb7 97. Kc5 Kb8 98. Kd6 Kb7 99. Kc5 Kb8 100. Kb5 Kb7 101. Kc5 Kb8 102. Kc6 Kc8 103. Kb5 Kb7 104. Kc5 Kb8 105. Kb5 Kb7 106. Kc5 Kb8 107. Kc6 Kc8 108. b7+ Kb8 109. Kb6 1/2-1/2

[Event "Ljubljana-chT 62nd 3rd League"]
[Site "Ljubljana"]
[Date "2009.03.19"]
[Round "10.3"]
[White "Hozdic, Idriz"]
[Black "Bogataj, Tomaz"]
[Result "1-0"]
[WhiteElo "1546"]
[BlackElo "1610"]
[PlyCount "75"]
[EventDate "2009.01.08"]
[EventType "team-tourn"]
[EventRounds "10"]
[EventCountry "SLO"]
[SourceTitle "EXT 2022"]
[Source "ChessBase"]
[SourceDate "2021.10.06"]
[SourceVersion "1"]
[SourceVersionDate "2021.10.06"]
[SourceQuality "1"]

1. e4 c5 2. Nc3 e6 3. Nf3 Nc6 4. Bb5 a6 5. Bxc6 bxc6 6. b3 d5 7. d3 h6 8. 0-0 Ne7 9. a4 Ng6 10. Re1 d4 11. Ne2 e5 12. Ng3 Qf6 13. Nh5 Qd8 14. h3 Rh7 15. Ng3 Bd6 16. Nf5 Be6 17. Ba3 Kf8 18. Bc1 Rb8 19. Bd2 Qd7 20. Nxd6 Qxd6 21. Qc1 Ne7 22. Rf1 f6 23. Nh4 g5 24. Nf3 Kf7 25. Nh2 h5 26. Rb1 g4 27. h4 Ng6 28. g3 Rg8 29. f4 gxf3 30. Nxf3 Bh3 31. Ng5+ Ke7 32. Nxh3 Nxh4 33. Kh2 Rhg7 34. Be1 Qe6 35. Qd2 Rxg3 36. Bxg3 Rxg3 37. Kxg3 Qg4+ 38. Kh2 1-0